[Event "Queima das Fitas op"]
[Site "Coimbra"]
[Date "2024.04.27"]
[Round "4"]
[White "Gama, Edivaldo Jr"]
[Black "Gasimov, Eldar"]
[Result "1-0"]
[WhiteElo "2109"]
[BlackElo "1752"]
[PlyCount "53"]
[EventDate "2024.04.25"]
[EventType "swiss"]
[EventRounds "7"]
[EventCountry "POR"]
[SourceTitle "CBM 219 Extra"]
[Source "ChessBase"]
[SourceDate "2024.05.31"]
[SourceVersion "1"]
[SourceVersionDate "2024.05.31"]
[SourceQuality "1"]

1. e4 c5 2. Nf3 g6 3. h4 h5 4. Bc4 Bg7 5. Ng5 e6 6. Nc3 Ne7 7. Qf3 0-0 8. g4 hxg4 9. Qxg4 d5 10. Be2 e5 11. Qg2 f6 12. Nf3 Be6 13. h5 d4 14. Nb1 Kf7 15. hxg6+ Ke8 16. Rh7 Rg8 17. Nh4 Qd7 18. Na3 a6 19. Nc4 Ra7 20. d3 b5 21. Nd2 Nbc6 22. Nf1 f5 23. Ng3 f4 24. Nh5 Kf8 25. Qg5 Qc8 26. Nxg7 Nxg6 27. Nxg6+ 1-0

[Event "Queima das Fitas op"]
[Site "Coimbra"]
[Date "2024.04.27"]
[Round "5"]
[White "Martin Duque, Jesus"]
[Black "Gama, Edivaldo Jr"]
[Result "1/2-1/2"]
[WhiteElo "2336"]
[BlackElo "2109"]
[PlyCount "46"]
[EventDate "2024.04.25"]
[EventType "swiss"]
[EventRounds "7"]
[EventCountry "POR"]
[SourceTitle "CBM 219 Extra"]
[Source "ChessBase"]
[SourceDate "2024.05.31"]
[SourceVersion "1"]
[SourceVersionDate "2024.05.31"]
[SourceQuality "1"]

1. e4 g6 2. d4 c5 3. Nf3 Bg7 4. c4 cxd4 5. Nxd4 Nc6 6. Be3 Nf6 7. Nc3 d6 8. Be2 0-0 9. 0-0 Bd7 10. h3 Nxd4 11. Bxd4 Bc6 12. Qc2 a6 13. b4 Rc8 14. Rad1 Qc7 15. a4 b5 16. axb5 axb5 17. c5 Qb7 18. Bf3 Rfd8 19. cxd6 Rxd6 20. e5 Bxf3 21. exd6 Bxd1 22. Rxd1 exd6 23. Qd3 Rc4 1/2-1/2

[Event "Queima das Fitas op"]
[Site "Coimbra"]
[Date "2024.04.25"]
[Round "2"]
[White "Gama, Edivaldo Jr"]
[Black "Bittner, Titus"]
[Result "1-0"]
[WhiteElo "2109"]
[BlackElo "1785"]
[PlyCount "145"]
[EventDate "2024.04.25"]
[EventType "swiss"]
[EventRounds "7"]
[EventCountry "POR"]
[SourceTitle "CBM 219 Extra"]
[Source "ChessBase"]
[SourceDate "2024.05.31"]
[SourceVersion "1"]
[SourceVersionDate "2024.05.31"]
[SourceQuality "1"]

1. e4 c5 2. Bc4 Nc6 3. Nf3 g6 4. h4 Nf6 5. e5 d5 6. exd6 Qxd6 7. Ng5 Ne5 8. Bb5+ Bd7 9. Qe2 Bxb5 10. Qxb5+ Qc6 11. Qxc6+ Nxc6 12. Nc3 a6 13. d3 Nd4 14. Kd1 Bg7 15. Nce4 Nxe4 16. Nxe4 Rc8 17. c3 Ne6 18. Ng5 Nxg5 19. hxg5 f6 20. gxf6 exf6 21. g4 0-0 22. Rh3 f5 23. gxf5 Rxf5 24. Be3 Be5 25. Rh4 b6 26. a4 a5 27. Ke2 Re8 28. Re4 Re7 29. Rd1 Bd6 30. Rxe7 Bxe7 31. d4 g5 32. Rg1 Kf7 33. Kd3 h5 34. Ke4 Ke6 35. Rd1 cxd4 36. cxd4 Rd5 37. f4 gxf4 38. Bxf4 h4 39. Rc1 Rh5 40. Rc6+ Kd7 41. Rxb6 h3 42. Bh2 Bd8 43. Rg6 Rh4+ 44. Ke3 Be7 45. d5 Bc5+ 46. Kf3 Rxa4 47. Rg7+ Ke8 48. Be5 Bd4 49. Rg4 h2 50. Bxh2 Rb4 51. d6 Bxb2 52. Rg8+ Kd7 53. Ra8 a4 54. Ra7+ Kc8 55. d7+ Kd8 56. Bc7+ Kxd7 57. Ba5+ Kc6 58. Bxb4 Kb5 59. Bf8 Bd4 60. Rb7+ Bb6 61. Ke4 Kc6 62. Rh7 Kb5 63. Kd3 Ba5 64. Rh5+ Ka6 65. Kc4 Bb6 66. Kb4 a3 67. Kxa3 Kb7 68. Kb4 Bc7 69. Kb5 Kc8 70. Kc6 Bd8 71. Rh8 Kb8 72. Bd6+ Ka7 73. Rxd8 1-0

[Event "Figueira da Foz op 17th"]
[Site "Figueira da Foz"]
[Date "2023.11.09"]
[Round "6"]
[White "Dhulipalla, Bala Chandra Prasad"]
[Black "Gama, Edivaldo Jr"]
[Result "1-0"]
[WhiteElo "2408"]
[BlackElo "2104"]
[PlyCount "79"]
[EventDate "2023.11.05"]
[EventType "swiss"]
[EventRounds "9"]
[EventCountry "POR"]
[SourceTitle "CBM 217 Extra"]
[Source "ChessBase"]
[SourceDate "2024.01.31"]
[SourceVersion "1"]
[SourceVersionDate "2024.01.31"]
[SourceQuality "1"]

1. d4 Nf6 2. Nf3 e6 3. Bf4 b6 4. e3 Bb7 5. Bd3 Nh5 6. Bg5 Be7 7. Bxe7 Qxe7 8. 0-0 f5 9. c4 Nf6 10. Nc3 0-0 11. Rc1 Ne4 12. Bxe4 fxe4 13. Nd2 d5 14. cxd5 exd5 15. Qb3 c6 16. Ndxe4 Ba6 17. Nxd5 cxd5 18. Qxd5+ Kh8 19. Qxa8 Bb7 20. Qxa7 Qxe4 21. f3 Qxe3+ 22. Kh1 Ba6 23. Rfd1 h6 24. Qxb6 Be2 25. Re1 Re8 26. Qg6 Rd8 27. Qe4 Qxe4 28. fxe4 Bg4 29. h3 Be6 30. d5 Bg8 31. e5 Bxd5 32. Red1 Kg8 33. Rxd5 Rxd5 34. Rc8+ Kf7 35. Rxb8 Rxe5 36. Rb7+ Kf6 37. a4 Re1+ 38. Kh2 Ra1 39. b3 h5 40. Rb5 1-0